| 000 | 00562nam a22001577a 4500 | ||
|---|---|---|---|
| 999 |
_c15837 _d15837 |
||
| 003 | AR-CdUCM | ||
| 008 | 190430b ||||| |||| 00| 0 spa d | ||
| 040 |
_aMUNICIPALIDAD PROVINCIAL DEL CUSCO _cBIBLIOTECA MUNICIPAL DEL CUSCO |
||
| 082 |
_a347.71 / _bR46 / 1970 |
||
| 245 | _aRevolucionaria ley de cambios D. L. 18275 / | ||
| 260 |
_aLima : _bEl Perú y sus leyes, _c1970. |
||
| 300 |
_a23 páginas ; _c17 cm. |
||
| 505 | _aSolo el estado podrá comprar o vender dolares -- Prisión para los saboteadores financieros... | ||
| 942 |
_2ddc _cFOLLETOS |
||
| 945 | _awfj | ||